Grundfragen der deutschen Gramatik : eine Einführung in die funktionale Sprachlehre /

Hlavní autor: Schmidt, Wilhelm, 1914-
Jazyk: Němčina
Vydáno: Berlin : Volk und Wissen, 1977
Vydání: 5. Aufl.
Fyzický popis: 332 s.
Knihy
Uloženo v:
LEADER 00686nam a22002172a 4500
001 001335000
003 CZ BrMZK
005 20131011135207.0
007 ta
008 131011s1977 gw er|||||||||||ger d
040 |a BOA001  |b cze 
100 1 |a Schmidt, Wilhelm,  |d 1914-  |7 jx20050708016  |4 aut 
245 1 0 |a Grundfragen der deutschen Gramatik :  |b eine Einführung in die funktionale Sprachlehre /  |c Wilhelm Schmidt 
250 |a 5. Aufl. 
260 |a Berlin :  |b Volk und Wissen,  |c 1977 
300 |a 332 s. 
504 |a Obsahuje bibliografii 
910 |a BOA001  |b 2-0578.267-77 
990 |a BK 
991 |b 201310 
996 7 |b 2619017194  |c 2-0578.267-77  |l HP2  |r DEN  |n 0  |w 001370009  |u 000010  |a 1  |e BOA001  |j MZK50  |s A